000 00792nam a2200265Ia 4500
003 OSt
005 20221005062240.0
006 a|||||r|||| 00| 0
007 ta
008 221004b |||||||| |||| 00| 0 eng d
020 _a9780415834094 (pbk)
_cUKP 29.99
024 _a29924
037 _b100, 23/02/2017, Classic Book Service
_cTextual
040 _aCRL
_cCRL
_beng
041 _2eng
_aeng
082 _aS:3, Q6
100 _aSeager William Au.
_9601601
245 0 _aTheories of consciousness
_b introduction and assessment
250 _a2nd
260 _aLondon
_bRoutledge UK
_c2016
300 _axi,390p.
_ccm.
650 _aCONSCIOUSNESS
942 _hS:3, Q6
_cTEXL
_2cc
999 _c969407
_d969407